Statistiche per Elenca la formazione - Quiz n°48

Clicka qui per fare il quiz!

Statistiche generali

  • Questo quiz è stato fatto 30 volte
  • Il punteggio medio è 7 su 11

Statistiche sulle risposte

RuoloNazioneCalciatore% Corretto
PortiereItaliaGianluigi Donnarumma
100%
CentrocampistaGiapponeKeisuke Honda
89%
AttaccanteColombiaCarlos Bacca
85%
CentrocampistaSlovacchiaJuraj Kucka
70%
DifensoreItaliaAlessio Romagnoli
67%
DifensoreItaliaIgnazio Abate
67%
CentrocampistaItaliaGiacomo Bonaventura
59%
DifensoreBrasileAlex
48%
DifensoreItaliaLuca Antonelli
37%
CentrocampistaItaliaRiccardo Montolivo
33%
AttaccanteFranciaM'Baye Niang
26%

Distribuzione punteggi

Percentile per numero di risposta

Percentuale di utenti per punteggio

I tuoi punteggi nel tempo

Non hai fatto questo quiz